Géographie difficile commençant par la lettre D - Statistiques

Statistiques générales
  • Ce quiz a été pris 137 fois
    94 depuis la dernière actualisation
  • Le résultat moyen est 10 sur 20
Statistiques - réponses
Hint Réponse % Correct
Département français ayant Valence pour Chef-Lieu. Drôme
85%
État insulaire ayant Roseau pour capitale. Dominique
83%
Capitale du Timor Oriental Dili
80%
Capitale du Tadjikistan. Douchanbé
76%
Ville côtière britannique, située à seulement 50 km de Calais. Douvres
75%
Capitale du Soudan du Sud. Djouba
68%
Préfecture des Alpes-de-Haute-Provence. Digne-les-Bains
61%
Massif montagneux situé dans les alpes italiennes Dolomites
61%
Ville la plus peuplée du nord australien. Darwin
58%
Montagne, aussi appelée mont McKinley, culmine à 6 190 mètres d'altitude. Denali
58%
Ville côtière camerounaise, elle est l'une des plus importantes en termes de population Douala
58%
Ville du sud-est de l'Afrique du Sud. Durban
54%
Capitale de l'Iowa. Des Moines
39%
Région russe située dans le Caucase Daghestan
31%
Ville du sud-est de la Corée du Sud, également le nom d'une division administrative de haut niveau. Daegu
27%
Capitale de l'île de Man. Douglas
24%
Binôme d'îles, séparées de trois kilomètres, représentant la plus courte distance russo-américaine. Îles Diomède
24%
Chaîne de montagnes d'Afrique australe, répartie sur le Lesotho et l'Afrique du Sud. Drakensberg
20%
Détroit séparant le Canada du Groenland. Davis
12%
Province du nord du Turkménistan, également une des plus peuplées. Daşoğuz
3%
Aucun quiz correspondant
Distribution des résultats
% des personnes avec chaque résultat
Percentile par nombre de réponses
Votre historique - résultats
Vous n’avez pas pris ce quiz depuis la dernière actualisation